000 01266nam a22003257a 4500
001 000052565
003 DO-SdBNP
005 20180312121635.0
007 000052565
008 160505b 2014 dr a 00| 0 spa d
020 _a9789945190182 (libro)
020 _a9789945190496 (1er. trim)
020 _a9789945190502 (2do. trim.)
040 _aBPMSU
_bspa
_cBPMSU
082 4 _axxx
_bxxx
100 1 _aSantos, Altagracia
245 1 0 _aEntre amigos 5 :
_beducación inicial, versión script /
_cAltagracia Santos ; dirección editorial Claudia Llibre ; ilustración Ruddy Núñez...[et al].
260 _aSanto Domingo :
_bSantillana,
_c2014.
300 _a295 p. :
_bil. ;
_c21 cm.
_e+ CD-ROOM
490 1 _a Proyecto todos juntos
_v5 años
500 _aIncluye guía didáctica y recursos didácticos para el profesorado
500 _aVersión script.
500 _aEste libro ha sido realizado de conformidad con el currículum vigente y ha sido sometido a la evaluación y aprobación del MINERD.
700 1 2 _aLlibre, Claudia,
_edir. ed.
700 1 2 _aNúñez, Ruddy,
_eil.
830 0 _aProyecto todos juntos
_p5 años
942 _2ddc
_cBK
945 _aInventariado, 2018/ YL
956 _2LOPEREZ
_310
_620160505
_8BPMSU
_a00041
999 _c10007
_d10007